000 00544nmm a2200169Ia 4500
008 251105s9999||||xx |||||||||||||||||und||
020 _a8470304011
041 _aspa
100 _aGonzález, María Jesús
245 0 _aEl universo conservador de Antonio Maura :
_b Biografía y proyecto de Estado
264 _a[Madrid, España] :
_bBiblioteca Nueva,
_c1996
300 _a480 páginas
490 _aHistoria Biblioteca Nueva
650 _aHistory of Europe: Spain
856 _uhttps://public.digitaliapublishing.com/a/1991
942 _cCF
999 _c73068
_d73068